| 000 | 01430nam a2200253Ia 4500 | ||
|---|---|---|---|
| 999 |
_c50055 _d50055 |
||
| 001 | 16993 | ||
| 003 | GE_BSU | ||
| 005 | 20200203121400.0 | ||
| 008 | 181216s2015ru xx |||||||||||||| ||ruc|| | ||
| 040 | _cGE_BSU | ||
| 080 | _a94(479.22).(474) д-40 | ||
| 100 |
_aДжавахишвили,Николай _96687 |
||
| 245 |
_aОчерки истории грузино–балтийских отношений / _cнаучшый ред: Янис Страдыньш, литературный ; ред . Лина абуашвили ; художник обложки Мамука Гонгадз. |
||
| 264 |
_aРига : _bИнститут истории латвии, _c2015. |
||
| 300 |
_a623 с.: _c22 см. |
||
| 440 |
_aქართულ-ბალტიური ურთიერთობის ისტორიის ნარკვევები. _96688 |
||
| 653 | _aОчерки истории грузино–балтийских отношений | ||
| 653 | _aისტორია | ||
| 653 | _aისტორია | ბალტიის ქვეყნების ისტორია | საქართველოს ისტორია | ||
| 700 |
_aСтрадыньш, Янис _dრედაქტორი _96689 |
||
| 700 |
_aAбуашвили, Лина _eრედაქტორი _96690 |
||
| 700 |
_aГонгадзе, Мамука _eმხატვარი _96691 |
||
| 942 |
_cBK _2udc |
||